书目信息 |
| 题名: |
人口、资源、环境关系史
|
|
| 作者: | 邬沧萍 , 侯东民 主编 | |
| 分册: | ||
| 出版信息: | 北京 中国人民大学出版社 2005 |
|
| 页数: | 269页 | |
| 开本: | 23cm | |
| 丛书名: | ||
| 单 册: | ||
| 中图分类: | X22-092 , C92-05 | |
| 科图分类: | ||
| 主题词: | 可持续发展--发展史--中国 , 可持续发展 , 人口学 | |
| 电子资源: | ||
| ISBN: | 7-300-06499-X | |
| 000 | 01085nam0 2200301 450 | |
| 000 | 01077nam0 2200277 450 | |
| 000 | 01007nam0 2200253 450 | |
| 000 | 00971oam2 2200241 45 | |
| 005 | 20070723192253.34 | |
| 010 | @a7-300-06499-X@dCNY19.80 | |
| 100 | @a20070719d2005 em y0chiy0120 ea | |
| 101 | 0 | @achi |
| 102 | @aCN@b110000 | |
| 105 | @ay z 000yy | |
| 200 | 1 | @a人口、资源、环境关系史@ARen Kou、 Zi Yuan、 Huan Jing Guan Xi Shi@f邬沧萍,侯东民主编@FWu Cang Ping, Hou Dong Min Zhu Bian |
| 210 | @a北京@c中国人民大学出版社@d2005 | |
| 215 | @a269页@d23cm | |
| 300 | @a21世纪人口学系列教材/翟振武主编北京市高等教育精品教材立项项目 | |
| 330 | @a本书内容包括:人口、资源、环境关系史的研究对象、任务和方法;采集狩猎时期人口、资源、环境关系;农业社会时期的生产方式与人口发展等。 | |
| 606 | 0 | @a可持续发展@x发展史@y中国 |
| 606 | 0 | @a可持续发展 |
| 606 | 0 | @a人口学 |
| 690 | @aX22-092@v4 | |
| 690 | @aC92-05@v3 | |
| 701 | 0 | @a邬沧萍@AWu Cang Ping@f(1922~)@4主编 |
| 701 | 0 | @a侯东民@AHou Dong Min@4主编 |
| 801 | 0 | @aCN@bTAOJIN@c20070723 |
| 905 | @a10447@dC92-05@e67 | |
| 人口、资源、环境关系史/邬沧萍,侯东民主编.-北京:中国人民大学出版社,2005 |
| 269页;23cm |
| 21世纪人口学系列教材/翟振武主编北京市高等教育精品教材立项项目 |
| ISBN 7-300-06499-X:CNY19.80 |
| 本书内容包括:人口、资源、环境关系史的研究对象、任务和方法;采集狩猎时期人口、资源、环境关系;农业社会时期的生产方式与人口发展等。 |
| ● |
| 相关链接 |
|
|
|
|
正题名:人口、资源、环境关系史
索取号:C92-05/67
 
预约/预借
| 序号 | 登录号 | 条形码 | 馆藏地/架位号 | 状态 | 备注 |
| 1 | 0823693 | 208236933 | 第一样本阅览室/ [索取号:C92-05/67] | 在馆 | |
| 2 | 0823694 | 208236942 | 教育系资料室/ [索取号:C92-05/67] | 在馆 | |
| 3 | 0823695 | 208236951 | 第一借阅区/ [索取号:C92-05/67] | 在馆 | |
| 4 | 0823696 | 208236960 | 第一借阅区/ [索取号:C92-05/67] | 在馆 | |
| 5 | 0823697 | 208236979 | 教育系资料室/ [索取号:C92-05/67] | 在馆 | |
| 6 | 0823698 | 208236988 | 第一借阅区/ [索取号:C92-05/67] | 在馆 | |
| 7 | 0823699 | 208236997 | 教育系资料室/ [索取号:C92-05/67] | 在馆 | |
| 8 | 0823700 | 208237004 | 第一借阅区/ [索取号:C92-05/67] | 在馆 |